Mis dragones / (Registro nro. 11262)
[ vista simple ]
| 000 -CABECERA | |
|---|---|
| Longitud fija campo de control | 00550nam a2200181 4500 |
| 003 - • IDENTIFICADOR DELl NÚMERO DE CONTROL | |
| Identificador del número de control | CO-ViMGA |
| 008 - • CÓDIGOS DE INFORMACIÓN DE LONGITUD FIJA | |
| Códigos de información de longitud fija | 181029b ||||| |||| 00| 0 eng d |
| 020 ## - • NÚMERO INTERNACIONAL NORMALIZADO PARA LIBROS | |
| Número Internacional Normalizado para Libros (ISBN) | 978-958-56557-0-6 |
| 040 ## - FUENTE DE LA CATALOGACIÓN | |
| Centro catalogador de origen | CO-ViMGA |
| Lengua de catalogación | spa |
| Centro transcriptor | CO-ViMGA |
| 100 1# - • PUNTO DE ACCESO PRINCIPAL-NOMBRE DE PERSONA | |
| Nombre de persona | Aragón Ortega, Adrián Leandro |
| Fechas asociadas al nombre | 2006 - |
| 245 10 - • TITULO PROPIAMENTE DICHO | |
| Título | Mis dragones / |
| Mención de responsabilidad, etc. | Adrián Leandro Aragón Ortega |
| 250 ## - • MENCIÓN DE EDICIÓN | |
| Mención de edición | Entreletras |
| 300 ## - • DESCRIPCIÓN FÍSICA | |
| Extensión | 53 p. : |
| Otras características físicas | il. , 24 cm. |
| 650 14 - • PUNTO DE ACCESO ADICIONAL DE MATERIA - TÉRMINO DE MATERIA | |
| Término de materia o nombre geográfico como elemento inicial | Cuentos Infantiles Colombianos |
| 942 ## - ENTRADA DE ELEMENTOS AGREGADOS (KOHA) | |
| Fuente de clasificaión o esquema | Dewey Decimal Classification |
| Koha [por defecto] tipo de item | LIbro |
No hay ítems disponibles.